| 000 | 00428nam a22001697a 4500 | ||
|---|---|---|---|
| 005 | 20160428171229.0 | ||
| 008 | 160428b xxu||||| |||| 00| 0 eng d | ||
| 020 | _a81-2030409-8 | ||
| 041 | _aeng | ||
| 082 | _b00725 | ||
| 100 |
_aLiu,Yu-Cheng _9194 |
||
| 245 | _aMicrocomputer Systems: The 8086/8088 Family | ||
| 260 |
_aNew Delhi _bPHI Pvt Ltd. _c2004 |
||
| 300 | _a623 | ||
| 650 |
_aInformation Technology _9137 |
||
| 942 | _cBK | ||
| 999 |
_c210 _d210 |
||